000 00306nam a22001337a 4500
008 171102b xxu||||| |||| 00| 0 eng d
020 _a2900750659801
041 _aeng
080 _23RD
_a339.138
100 _a60
101 _aMAR
245 _aCREATING POWERFUL BRAND
_cCHERNATONY,L.D
942 _2udc
_cBK
999 _c37324
_d37324